000 01380nam a2200349 a 4500
001 000113361
003 CHAP
005 20220329144350.0
008 170612s2016 mx a fsm |||||||spa d
010 _a109822
011 _a110794
040 _cCHAP
090 _aTesis
100 1 _aBarrón Ramos, Sandra Ivett
_9132563
245 1 0 _aSuplementación con propionato de calcio o levaduras (Saccharomyces cerevisiae) enriquecidas con selenio en vacas Holstein en período de transición /
_h[En línea]
_cpor Sandra Ivett Barrón Ramos y Francisco Javier Castañeda Trujano.
260 _aChapingo, Méx. :
_bEl autor,
_c2016.
500 _aPara ver el contenido del material haga clic en la liga
502 _aTesis (Ing. Agr. Esp. en Zootecnia) -- UACH. Departamento de Zootecnia
590 _aBATCH
_b00
_c20181121
_lUCH01
_h0758
590 _aE8697GMM
_b05
_c20170612
_lUCH01
_h1351
590 _aE8697GMM
_b05
_c20170613
_lUCH01
_h0838
650 1 4 _aGanado lechero
_xAlimentación.
_945238
650 1 4 _aGanado lechero
_xMejoramiento.
_945274
650 1 4 _aGanado lechero
_xNutrición.
_945281
650 1 4 _aLevaduras en alimentación animal.
_966404
700 1 _aCastañeda Trujano, Francisco Javier
_9132564
856 _a1
_n0000808
856 _aFinding aid
_uhttp://10.13.5.2/tesis/sist113361.pdf
_zTeclea aquí
901 _aBK
942 _cTESIS
942 _n0
999 _c109822
_d109822